| 000 | 00491pab a2200157 454500 | ||
|---|---|---|---|
| 008 | 180718b2006 xxu||||| |||| 00| 0 eng d | ||
| 100 | _aMadu, Ignatius A. | ||
| 245 | _aSpatial inequality in Nigeria: the imperative of geographic perspectives in the development process | ||
| 260 | _c2006 | ||
| 300 | _ap.105-20. | ||
| 362 | _aJul-Dec | ||
| 650 | _aIncome distribution - Nigeria | ||
| 650 | _aIncome distribution | ||
| 773 | _aJournal of Social and Economic Development | ||
| 909 | _a73021 | ||
| 999 |
_c73021 _d73021 |
||